书目信息 |
| 题名: |
环境卫生检验技术
|
|
| 作者: | 曾成大 主编 | |
| 分册: | ||
| 出版信息: | 成都 四川科学技术出版社 1986.06 |
|
| 页数: | 308页 | |
| 开本: | 16开 | |
| 丛书名: | ||
| 单 册: | ||
| 中图分类: | R115 | |
| 科图分类: | ||
| 主题词: | 卫生学:基础理论 | |
| 电子资源: | ||
| ISBN: | ||
| 000 | 00554nam0 2200193 45 | |
| 001 | 0006200800 | |
| 005 | 20000620084115.1 | |
| 010 | @d3.40元 | |
| 100 | @a20000620d1986 km y0chiy0120 ea | |
| 101 | 0 | @achi |
| 105 | @a z 000yy | |
| 200 | 1 | @a环境卫生检验技术@AHuan Jing Wei Sheng Jian Yan Ji Shu@f曾成大主编@FCeng Cheng Da Zhu Bian |
| 210 | @a成都@c四川科学技术出版社@d1986.06 | |
| 215 | @a308页@d16开 | |
| 606 | 0 | @a卫生学:基础理论 |
| 690 | @aR115@v3 | |
| 701 | 0 | @a曾成大@4主编 |
| 801 | @aCN@bPftUser@c20000620 | |
| 905 | @b208251-253@dR115@eZ108@f3 | |
| 环境卫生检验技术/曾成大主编.-成都:四川科学技术出版社,1986.06 |
| 308页;16开 |
| ISBN :3.40元 |
| ● |
| 相关链接 |
|
|
|
正题名:环境卫生检验技术
索取号:R115/Z108
 
预约/预借
| 序号 | 登录号 | 条形码 | 馆藏地/架位号 | 状态 | 备注 |
| 1 | 208251 | 202082511 | 自科库401/401自科库 103排3列3层/ [索取号:R115/Z108] | 在馆 | |
| 2 | 208252 | 202082520 | 自科库401/401自科库 103排3列3层/ [索取号:R115/Z108] | 在馆 | |
| 3 | 208253 | 202082539 | 自科库401/401自科库 103排3列3层/ [索取号:R115/Z108] | 在馆 |